=LDR 00000nam 2200000 4500 =001 INLIS000000000031054 =005 20130612133141 =008 ***********************************ind** =035 ##$$0010-061300000031054 =041 ##$$a ind =082 ##$$a 618.2 =090 ##$$a 618.2, Ghu l =100 ##$$a Ghufron, Ali =245 ##$$a Lahirlah dengan cinta, Fikih hamil dan melahirkan, Ali Ghufron Sudirman ; editor, M.Zikrullah =260 ##$$a 2008 $b Jakarta =300 ##$$a xv,192 hlm, ilus, 19 cm =650 ##$$a KEHAMILAN =850 ##$$a NBPNMAT =990 ##$$a 21196894/BPAP-NTB/2014 =990 ##$$a 0001/BPAP-NTB/20142014 =990 ##$$a 0001/BPAP-NTB/20142015